| 000 | 00539nam a22001577a 4500 | ||
|---|---|---|---|
| 005 | 20120111134733.0 | ||
| 020 |
_a8181464427 _c150.00 |
||
| 020 |
_a9788181464422 _c150.00 |
||
| 100 |
_aRao, Sandhya _938938 |
||
| 245 |
_aand land was born / _cSandhtya, Rao ; Uma krishnaswamy |
||
| 246 | _aand land was born | ||
| 260 |
_aChennai _bTulika Publishers _c2008 |
||
| 270 |
_aTulika Publishers, 13 Prithvi Avenue, Abhiramapuram, _bChennai _e600018 _mtulikabooks@vsnl.com |
||
| 300 |
_aUnpaged _bcol. ill, ; _c27 cm (pbk) |
||
| 942 |
_2ddc _cCH _hS _mRAO |
||
| 999 |
_c60720 _d60720 |
||